Giải pháp phát triển ngành công nghiệp phụ trợ thuộc ngành chế biến thủy sản tại thành phố Cần Thơ : Luận văn Tốt nghiệp Cao học. Chuyên ngành Quản trị kinh doanh

Nghiên cứu thực trạng và đề xuất giải pháp phát triển ngành công nghiệp phụ trợ ngành chế biến thủy sản tại thành phố Cần Thơ

Gardado en:
Detalles Bibliográficos
Autor Principal: Nguyễn, Minh Triết
Formato: Libro
Idioma:Undetermined
Publicado: Cần Thơ Trường Đại học Cần Thơ 2016
Những chủ đề:
Các nhãn: Engadir etiqueta
Sen Etiquetas, Sexa o primeiro en etiquetar este rexistro!
Thư viện lưu trữ: Trung tâm Học liệu Trường Đại học Cần Thơ
LEADER 01080nam a2200217Ia 4500
001 CTU_212526
008 210402s9999 xx 000 0 und d
082 |a 658.5 
082 |b Tr308 
088 |a 60340102 
100 |a Nguyễn, Minh Triết 
245 0 |a Giải pháp phát triển ngành công nghiệp phụ trợ thuộc ngành chế biến thủy sản tại thành phố Cần Thơ : 
245 0 |b Luận văn Tốt nghiệp Cao học. Chuyên ngành Quản trị kinh doanh 
245 0 |c Nguyễn Minh Triết ; Võ Thành Danh (Cán bộ hướng dẫn) 
260 |a Cần Thơ 
260 |b Trường Đại học Cần Thơ 
260 |c 2016 
520 |a Nghiên cứu thực trạng và đề xuất giải pháp phát triển ngành công nghiệp phụ trợ ngành chế biến thủy sản tại thành phố Cần Thơ 
650 |a Business logistics,Kinh doanh hậu cần 
904 |i Nguyên 
980 |a Trung tâm Học liệu Trường Đại học Cần Thơ